00749nam a22002297a 450000500170000001000130001702000100003003500130004003700160005304000120006908200110008110000250009224500350011726000350015227000610018730000210024865000310026965000260030094200200032699900190034695201540036520170124110115.0 aA-705516 c00.00 aA-705516 bCen Lib/Ret aDPLbEN aNbBAN aBanker, Ashok929941 aByculla boy /cby Ashok Banker bPenguin Booksc1994aNew Delhi a210, Chiranjiv Tower, 43, Nehru PlacebNew Delhie110019 a229p. c19cm(Hb) aLiteraturexFiction971872 aEnglish novel 914422 2ddccENhNmBAN c130722d130722 04104070aLbLd2015-07-10eCen Lib/Retg0.00l0oN BANpA-705516r2015-07-10 00:00:00t1v0.00w2015-07-10yENzW/d List No. 6849/18 : dtd 16/7/20